Sportovní hry v teorii a praxi

Saved in:
Bibliographic Details
Main Author Votík, Jaromír
Other Authors Petra Špottová, Daniela Benešová, Karel Švátora, Radka Peřinová, Matěj Sůva, Hana Válková
Format Electronic eBook
LanguageCzech
Published Grada 2026
Edition1. elektronické vydání
Subjects
Online AccessDostupné v BOOKPORT po přihlášení pomocí eduID
ISBN978-80-271-6490-5
978-80-271-5517-0
Physical Description1 online zdroj (224 stran)

Cover

LEADER 00000nam a2200000 i 4500
001 bkp14619
003 CZ-prgp
005 20260522152915.0
006 m o d
007 cr cn
008 260522s2026 xr o 000 0 cze
020 |a 978-80-271-6490-5  |c 314 Kč  |q (online ; pdf) 
020 |a 978-80-271-5517-0  |c 369 Kč  |q (print) 
040 |a Grada  |b cze  |e rda 
100 1 |a Votík, Jaromír 
245 1 0 |a Sportovní hry v teorii a praxi  |c Jaromír Votík, Petra Špottová, Daniela Benešová, Karel Švátora, Radka Peřinová, Matěj Sůva, Hana Válková 
250 |a 1. elektronické vydání 
264 1 |b Grada  |c 2026 
300 |a 1 online zdroj (224 stran) 
336 |a text  |b txt  |2 rdacontent 
337 |a počítač  |b c  |2 rdamedia 
338 |a online zdroj  |b cr  |2 rdacarrier 
520 3 |a Obsah je zaměřen na problematiku výuky a tréninku sportovních her s příklady aplikace uvedených poznatků v praxi. Sportovní hry jsou představeny jako sociokulturní fenomén a dále je konkretizován význam pedagogických, psychosociálních a fyziologických aspektů ve výuce a tréninku. 
650 0 4 |a Děti a sport 
650 0 4 |a Trénink 
700 1 |a Petra Špottová 
700 1 |a Daniela Benešová 
700 1 |a Karel Švátora 
700 1 |a Radka Peřinová 
700 1 |a Matěj Sůva 
700 1 |a Hana Válková 
856 4 0 |u https://www.bookport.cz/AccountSaml/SignIn/?idp=https://shibboleth.utb.cz/idp/shibboleth&returnUrl=/kniha/sportovni-hry-v-teorii-a-praxi-16114/  |y Dostupné v BOOKPORT po přihlášení pomocí eduID